Tratado de cirugía general (Registro nro. 13046)
[ vista simple ]
| 000 -LIDER | |
|---|---|
| fixed length control field | 00725nam a22002417a 4500 |
| 003 - IDENTIFICACDOR DE NÚMERO DE CONTROL | |
| control field | DO-SdBNP |
| 005 - DATE AND TIME OF LATEST TRANSACTION | |
| control field | 20220523121815.0 |
| 008 - ELEMENTOS DE LONGITUD FIJA | |
| fixed length control field | 171123b2213 sp a||| 00| 0 spa d |
| 020 ## - ISBN | |
| International Standard Book Number | 9788449448386 |
| 040 ## - FUENTE DE CATALOGACIÓN | |
| Agencia que crea de manera original el registro | BPMSU |
| Idioma de catalogación | spa |
| Agencia que realiza la transcripción | BPMSU |
| 082 ## - NÚMERO DE CLASIFICACIÓN DECIMAL DE DEWEY | |
| Classification number | 617 |
| Item number | T776c 2013 |
| Edition number | 22 |
| 245 00 - MENCIÓN DE TITULO | |
| Título | Tratado de cirugía general |
| 260 ## - PUBLICACIÓN, DISTRIBUCIÓN, ETC. (PIE DE IMPRENTA) | |
| Lugar de publicación, distribución, etc | Barcelona : |
| Nombre del editor, distribuidor, etc. | ELSEVIEL /OCEANO, |
| Fecha de publicación, distribución, etc | 2013 |
| Nombre del editor, distribuidor, etc. | |
| 300 ## - DESCRIPCIÓN FÍSICA | |
| Extensión | v.: |
| Otros detalles físicos | ils., fotos ; |
| Dimensiones | 32 cm. |
| 504 ## - NOTA DE BIBLIOGRAFÍA, ETC. | |
| Bibliography, etc | Bibliografías al final de los capítulos |
| 590 ## - NOTA LOCAL | |
| Enlace | Inventariado, 2022/VM |
| 650 #4 - ENCABEZAMIENTO DE MATERIA--TEMÁTICO | |
| Término temático o nombre geográfico como elemento de entrada | Cirugía |
| Subdivisión de forma | Manuales. |
| 650 #4 - ENCABEZAMIENTO DE MATERIA--TEMÁTICO | |
| Término temático o nombre geográfico como elemento de entrada | Diagnóstico quirúrgico |
| Subdivisión de forma | Manuales. |
| 910 ## - VALIDACIÓN | |
| Validación | VMateo V. |
| 942 ## - ADDED ENTRY ELEMENTS (KOHA) | |
| Source of classification or shelving scheme | Dewey Decimal Classification |
| Koha item type | Libros |
| 945 ## - INFORMACIÓN DE PROCESAMIENTO LOCAL | |
| Información de procesamiento local | Inventario extranjero / 2017 BT |
| 956 ## - LOCAL ELECTRONIC LOCATION AND ACCESS (OCLC) | |
| Nombre de host | BTAVAREZ |
| Número de acceso | 10 |
| Información de compresión | 20171123 |
| Trayectoria | 0038 |
| Withdrawn status | Lost status | Source of classification or shelving scheme | Damaged status | Not for loan | Collection code | Home library | Current library | Date acquired | Source of acquisition | Full call number | Barcode | Date last seen | Copy number | Price effective from | Koha item type |
|---|---|---|---|---|---|---|---|---|---|---|---|---|---|---|---|
| Dewey Decimal Classification | Colección General | Biblioteca Pública Metropolitana Salomé Ureña | Biblioteca Pública Metropolitana Salomé Ureña | 11/23/2017 | COMPRA | BPMSU CG 617 T776c 2013 | BPMSU17110372 | 11/23/2017 | v. 1 | 11/23/2017 | Libros | ||||
| Dewey Decimal Classification | Colección General | Biblioteca Pública Metropolitana Salomé Ureña | Biblioteca Pública Metropolitana Salomé Ureña | 11/23/2017 | COMPRA | BPMSU CG 617 T776c 2013 | BPMSU17110373 | 11/23/2017 | v. 1, e. 2 | 11/23/2017 | Libros | ||||
| Dewey Decimal Classification | Colección General | Biblioteca Pública Metropolitana Salomé Ureña | Biblioteca Pública Metropolitana Salomé Ureña | 11/23/2017 | COMPRA | BPMSU CG 617 T776c 2013 | BPMSU17110374 | 11/23/2017 | v. 2 | 11/23/2017 | Libros | ||||
| Dewey Decimal Classification | Colección General | Biblioteca Pública Metropolitana Salomé Ureña | Biblioteca Pública Metropolitana Salomé Ureña | 11/23/2017 | COMPRA | BPMSU CG 617 T776c 2013 | BPMSU17110375 | 11/23/2017 | v. 2, e. 2 | 11/23/2017 | Libros |